Normal view
MARC view
Entry Personal Name
001 - CONTROL NUMBER
- control field: 1440
003 - CONTROL NUMBER IDENTIFIER
- control field: csc
005 - DATE AND TIME OF LATEST TRANSACTION
- control field: 20140507162056.0
008 - FIXED-LENGTH DATA ELEMENTS
- fixed length control field: 130530|| aca||aabn | a|a d
040 ## - CATALOGING SOURCE
- Original cataloging agency: csc
- Transcribing agency: csc
100 ## - HEADING--PERSONAL NAME
- Personal name: Crawford, Tony.
670 ## - SOURCE DATA FOUND
- Source citation: Work cat.: (csc)321: Prinz, Peter. 5287, C in a nutshell /, c2006.